• 首页
  • 本馆介绍
  • 公告通知
  • 最新文献
  • 馆藏检索
  • 电子资源
  • 读者导购
  • 参考咨询
  • 我的图书馆
  • 登录
  • 详细信息显示
  • 放入我的书架
  • 预约/预借图书
  • 作者相关作品
  • 分类相关作品
  • 丛书相关作品
  • 出版社相关作品

书目信息

  • 表格格式
  • 工作单格式
  • 卡片格式
题名:
拓扑学引论
    
 
作者: 江泽涵 著
分册:  
出版信息: 上海   上海科学技术出版社  1978
页数: 309页
开本: 20cm
丛书名:
单 册:
中图分类: O189.1
科图分类:
主题词: 拓扑--概论 , 几何 , 拓扑
电子资源:
ISBN:
000 00616nam0 2200241 45
001 0178005870
005 20070923161347.34
010    @dCNY1.00
091    @a13119.705
100    @a19950725d1978 em y0chiy0121 ea
101 0  @achi
102    @aCN@b310000
105    @ay z 000yy
200 10 @a拓扑学引论@Atuo pu xue yin lun@f江泽涵著@Fjiang ze han zhu
210    @a上海@c上海科学技术出版社@d1978
215    @a309页@d20cm
606    @a拓扑@x概论
606 0  @a几何
606 0  @a拓扑
690    @aO189.1@v3
701  0 @a江泽涵@Ajiang ze han@4著
801  0 @aCN@bNLC@c20070923
905    @dO189.1@e1@f1@b133570
    
    拓扑学引论/江泽涵著.-上海:上海科学技术出版社,1978
    309页;20cm
    
    
    ISBN :CNY1.00
    
●
相关链接 在E读中查询图书 在五车中查询图书 在当当中查询图书 在豆瓣中查询图书


正题名:拓扑学引论     索取号:O189.1/1         预约/预借

序号 登录号 条形码 馆藏地/架位号 状态 备注
1 0006121   202301598   密集书库/ [索取号:O189.1/1] 在馆    
2 0006122   202301669   密集书库/ [索取号:O189.1/1] 在馆    
3 0006123   000397494   第三借阅区/ [索取号:O189.1/1] 在馆    
4 0006124   202301623   密集书库/ [索取号:O189.1/1] 在馆    
5 0006125   202301632   密集书库/ [索取号:O189.1/1] 在馆    
6 0133568   000397546   第三借阅区/ [索取号:O189.1/1] 在馆    
7 0133569   202094740   第二样本阅览室/ [索取号:O189.1/1] 在馆    
8 0133570   001959018   第三借阅区/ [索取号:O189.1/1] 在馆    
9 0133571   000397458   第三借阅区/ [索取号:O189.1/1] 在馆    
10 0133572   000397537   第三借阅区/ [索取号:O189.1/1] 在馆    
11 0609779   206097793   密集书库/ [索取号:O189.1/1] 在馆    
唐山师范学院图书馆 欢迎您!
大连网信软件有限公司© 版权所有